000 02073cam a22004694i 4500
003 PE-LiUPU
005 20250731172859.0
008 150623s r 000 0 d
020 _a1506415938
020 _a9781506415932
035 _a(Sirsi) a165867
040 _aPE-LiUPU
_bspa
_cPE-LiUPU
_erda
049 _aPRUA
082 0 4 _a227.8707
_bH3
_223
245 1 4 _aHebrews, the general epistles, and Revelation /
_cMargaret Aymer, Cynthia Briggs Kittredge, David A. Sanchez, editors.
264 1 _aMinneapolis :
_bFortress Press,
_c2016.
300 _a253 páginas ;
_c24 centímetros.
336 _atext
_2rdacontent
337 _aunmediated
_2rdamedia
338 _avolume
_2rdacarrier
505 0 _aReading the Christian New Testament in the contemporary world / Kwok Pui-lan -- Negotiating the Jewish heritage of early Christianity / Lawrence M. Wills -- Rootlessness and community in contexts of diaspora / Margaret Aymer -- The apocalyptic legacy of early Christianity / David A. Sánchez -- Introduction to Hebrews, the General Epistles, and Revelation / Neil Elliott -- Hebrews / David A. deSilva -- James / Timothy B. Cargal -- 1 Peter / David L. Bartlett -- 2 Peter / Pheme Perkins -- 1,2,3 John / Jaime Clark-Soles -- Jude / Pheme Perkins -- Revelation / Barbara R. Rossing.
526 _aSEG42
526 _aSEG41
526 _aSEG40
526 _aSEG39
526 _aP94
526 _aP87
526 _aP86
526 _aP85
526 _aP77
526 _aP76
526 _aP35
650 0 4 _aBiblia.
_pRevelación
_vComentarios.
650 0 4 _aBiblia.
_pComentarios del Nuevo Testamento.
650 0 4 _aBiblia.
_pEpístolas Católicas
_vComentarios.
630 _aBiblia.
_pHebreos
_vComentarios.
942 _2ddc
_cBOOK
994 _aC0
_bPEPRU
596 _a1
999 _a227.8707 H3
_wLC
_c14614
_i75184
_d14614
_f2021-11-9
_g5
_lCCODEBUL1
_mBUL
_q8
_r0
_sY
_tBOOK
_u2017-1-5
_xTEOLOGIA
_PP85
_0COMPRA
_o.STAFF. Colección TEOLOGIA
980 _81
_gALBERTO SANCHEZ Responsable de Automatización